| 000 | 00399nam a22001457a 4500 | ||
|---|---|---|---|
| 005 | 20180214104112.0 | ||
| 008 | 180214b xxu||||| |||| 00| 0 eng d | ||
| 040 | _cPK-LaUMT | ||
| 082 |
_aPKAC 297.082 _bSUR-J |
||
| 100 | _aSuraiya Batool Alvi | ||
| 245 |
_aJadeed Tehreek e nuswan aur Islam/ _cSuraiya Batool Alvi |
||
| 260 |
_aلاہور: _bمنشورات، _c2007 |
||
| 300 | _a494 | ||
| 942 | _cBK | ||
| 999 |
_c103134 _d103134 |
||